[Event "FIDE World Cup"]
[Site "Khanty-Mansiysk"]
[Date "2005.11.28"]
[Round "1.2"]
[White "Beliavsky, Alexander G"]
[Black "Jobava, Baadur"]
[Result "1/2-1/2"]
[WhiteElo "2631"]
[BlackElo "2601"]
[Annotator "Marin,M"]
[PlyCount "65"]
[EventDate "2005.11.27"]
[EventType "k.o."]
[EventRounds "7"]
[EventCountry "RUS"]
[SourceTitle "CBM 111"]
[Source "ChessBase"]
[SourceDate "2006.04.04"]
[SourceVersion "1"]
[SourceVersionDate "2006.04.04"]
[SourceQuality "1"]

1. d4 Nf6 2. c4 e6 3. Nc3 c5 4. d5 exd5 5. cxd5 d6 6. e4 g6 7. h3 Bg7 8. Nf3
O-O 9. Bd3 b5 10. Bxb5 Nxe4 11. Nxe4 Qa5+ 12. Nfd2 Qxb5 13. Nxd6 Qa6 14. N2c4
Rd8 ({When I introduced this move 17 years ago, I couldn't have suspected that
it would become one of the main lines, being a more restrictive way of
reaching the position after the 19th move than the traditional} 14... Nd7 15.
O-O Nb6 16. Nxb6 Qxb6 17. Nxc8 Raxc8 18. Rb1 Rfd8 19. Bf4) 15. Bf4 (15. Qe2 Bb7
16. Nxb7 (16. Qe7 $2 Rd7 $1 17. Qe8+ Bf8 $19) 16... Qxb7 17. Ne3 Qb4+ (17...
Nd7 {/\ Nb6=}) 18. Qd2 {1/2-1/2 Lalic,B (2500)-Marin,M (2475)/Haifa 1989/
EU-chT (80)} Nc6 $1 19. O-O Qxd2 20. Bxd2 Ne7 $10) 15... Nd7 16. O-O Nb6 17.
Nxb6 Qxb6 18. Nxc8 Raxc8 19. Rb1 Qb7 20. d6 Bf8 21. Qd3 Bxd6 22. Bxd6 Rc6 23.
Rfd1 Qd7 {In the vast majority of games that reached this position Black
managed to draw, but sometims White comes with a new and strong idea.} 24. Qa3
{This is played almost exclusively nowadays.} ({However,} 24. Rbc1 $5 {
deserves further investigation, since it leads to a more pleasant ending for
White:} Rxd6 ({Black cannot avoid the ending since after} 24... Qe6 25. Qg3
Rcxd6 26. Rxd6 Rxd6 $2 27. Rxc5 Rd1+ 28. Kh2 Qxa2 $2 {he would fall under a
decisive attack:} 29. Rc8+ Kg7 30. Qe5+ Kh6 31. Rg8 $18 {/\Qf4+}) 25. Qxd6 Qxd6
26. Rxd6 Rxd6 27. Rxc5 Rd1+ 28. Kh2 Rd2 29. f3 Rxb2 30. Ra5 Rb7 31. g4 {
White has the more active rook and an advantage of space on the king side.
This certainly looks hard to play for a win, but Black's task is slightly
unpleasant, too.} Kg7 32. Kg3 h6 33. h4 Rc7 34. Kf4 Re7 35. Ra6 Kh7 36. Ra5 (
36. a4 Kg7 37. a5 Kg8 38. Rc6 Kg7 39. Rc5 Kf6 40. g5+ Kg7 41. Re5 Rb7 {and
White has made no progress.}) 36... Kg7 37. h5 gxh5 38. Rxh5 Re6 39. Ra5 (39.
Re5 Ra6) 39... a6 40. Rc5 Kf6 $11 {1/2-1/2 Babula,V (2604)-Wojtaszek,R (2591)/
Gothenburg SWE 2005/TWIC 561 (44)}) 24... Rxd6 25. Rxd6 Qxd6 26. Qxa7 {White
has managed to win a pawn,but he lacks coordination. White's plan is to
centralise his pieces and attack the b2- and f2-pawns.} Re8 ({The approved
continuation. The newest try for Black ended in a success:} 26... Qd3 27. Rc1
Qd2 28. Qxc5 Qxb2 29. Qc2 Qa3 {Black will agree to (in fact, force himself)
the exchange of queens in a slightly more favourable position.} 30. Re1 Ra8 31.
Re2 h5 32. h4 Qa4 $1 {winning one tempo over 29...Qxc2.} 33. g3 Qxc2 34. Rxc2
f6 35. Kf1 Kg7 36. Ke2 Ra3 37. Kd2 g5 $11 {1/2-1/2 Banikas,H (2548)-Gashimov,V
(2594)/Gothenburg SWE 2005 (43)}) 27. a3 $146 {Not a very effective novelty.} (
27. Qa5 Re2 28. Qc3 Qb6 (28... Qd5 29. a4 $1 {This seems to cast some doubt
over 28...Qd5.} (29. Ra1 Qf5 30. Rf1 Rc2 31. g4 (31. Qb3 c4) 31... Rxc3 32.
gxf5 Rc2 33. Rb1 Kf8 34. a4 Ke7 35. Kg2 Kd6 36. b4 cxb4 37. fxg6 hxg6 38. Rxb4
Ke5 $11 {1/2-1/2 Savchur,F (2518)-Lecroq,M (2578)/ICCF corr 2000/ICCF
Telechess CBM 94 (48)}) 29... Qf5 (29... Rxf2 30. Kxf2 Qf5+ 31. Kg3 Qxb1 32. a5
$16 {1-0 Ionov,S (2553)-Berelovich,A (2468)/St Petersburg 1999/CBM 074 (41)})
30. Rf1 Rc2 31. Qa3 $1 {and White retains the better chances.} (31. g4 Rxc3 32.
gxf5 Rb3 33. f6 Rxb2 34. Rc1 Rb6 35. Rxc5 Rxf6 36. a5 Rf3 37. a6 Ra3 38. Rc6
Kg7 $11)) 29. a4 c4 30. Rf1 Qb3 31. Rc1 {Piket,J-Topalov,V Amber-blind 9th
rapid (2)} (31. Qxb3 cxb3 32. Rb1 Re4 33. Ra1 Re2 34. Rb1 {1/2-1/2 Komarov,D 
(2615)-Leko,P (2600)/Ulcinj 1997/EXT 99}) 31... Rxb2 $5 32. Qxc4 Qxc4 33. Rxc4
Ra2 $14 {/= Stohl}) 27... Qd4 $1 {The correct reaction, leading to a more or
less forced draw.} 28. b3 (28. b4 Qe4 29. Rb3 (29. Rb2 $2 Qe1+ 30. Kh2 Qe5+ $19
) 29... Qf4 (29... Qc4 30. Rf3) 30. g4 c4 $44) ({Beliavsky might have relied on
} 28. Rf1 Qxb2 29. Qxc5 Ra8 30. Re1 (30. Rd1 {is simplest met by} Kg7 $11 {
since White cannot defend his pawn with} 31. Rd3 $2 {because of} Qb1+) {
overestimating his attacking chances after} 30... Qxa3 31. Re8+ {. In fact,
after} Kg7 32. Qd4+ Kh6 33. Re1 {(the only way to prevent the exchange of one
pair of major pieces)} Qa5 34. Rd1 Re8 {followed by Qe5, Black is entirely out
of danger.}) 28... Re2 29. Qa8+ (29. Rf1 Qc3 30. b4 cxb4 31. Qb8+ Kg7 32. axb4
Rb2 33. b5 Qc5 $11 {Very illustrative for White's lack of coordination.}) 29...
Kg7 30. Qf3 Ra2 31. a4 c4 32. bxc4 (32. Rd1 Ra1 33. Rxa1 Qxa1+ 34. Kh2 c3 $11 {
>Pc, <Kg7}) 32... Rxa4 33. Qe3 1/2-1/2

[Event "Astrakhan FIDE GP"]
[Site "Astrakhan"]
[Date "2010.05.11"]
[Round "2"]
[White "Leko, Peter"]
[Black "Alekseev, Evgeny V"]
[Result "1-0"]
[WhiteElo "2735"]
[BlackElo "2700"]
[Annotator "Marin,M"]
[PlyCount "80"]
[EventDate "2010.05.10"]
[EventType "tourn"]
[EventRounds "13"]
[EventCountry "RUS"]
[EventCategory "20"]
[SourceTitle "CBM 137"]
[Source "ChessBase"]
[SourceDate "2010.07.15"]
[SourceVersion "1"]
[SourceVersionDate "2010.07.15"]
[SourceQuality "1"]

1. d4 Nf6 2. c4 e6 3. Nf3 c5 4. d5 d6 5. Nc3 exd5 6. cxd5 g6 7. h3 Bg7 8. e4
O-O 9. Bd3 b5 10. Bxb5 Nxe4 11. Nxe4 Qa5+ 12. Nfd2 Qxb5 13. Nxd6 Qa6 14. N2c4
Nd7 15. O-O {At some point, this line was considered to offer White a tiny
plus until deep in the endgame. For instance, one position that is drawn
theoretically, but unpleasant to defend with Black in practice is the rook
ending with 3P vs 3P on the kingside and an extra passed white pawn (a or b)
on the opposite wing.} Ne5 {Thanks to the efforts of reputed Benoni specialist
Vugar Gashimov, this move has become fashionable. It seems that White still
has some chance to retain some micro initiative, but, curiously, Vugar almost
always gets the more pleasant part of an equal position, something not really
usual before.} ({The old move is} 15... Nb6 {Here is an old example in which
Leko managed to defend Black's point of view:} 16. Nxb6 Qxb6 17. Nxc8 Raxc8 18.
Rb1 Rfd8 19. Bf4 Qb7 20. d6 Bf8 21. Qd3 Bxd6 22. Bxd6 Rc6 23. Rfd1 Qd7 24. Qa3
Rxd6 25. Rxd6 Qxd6 26. Qxa7 Re8 27. Qa5 Re2 28. Qc3 Qb6 29. a4 c4 30. Rf1 Qb3
31. Qxb3 cxb3 32. Rb1 Re4 33. Ra1 Re2 34. Rb1 {1/2 Komarov,D (2615)-Leko,P 
(2600)/Ulcinj 1997/EXT 99}) 16. Nxc8 (16. Nxe5 Qxd6 17. Nc4 Qa6 18. Qb3 Bb7 19.
Rd1 Bd4 20. Ne3 {1/2 Wang Yue (2736)-Gashimov,V (2704)/Kallithea 2008/CBM 127.
White cannot develop his bishop actively, while the d5-pawn will fall sooner
or later.}) 16... Raxc8 17. Nxe5 Bxe5 {This is a modern tabyia of the Benoni.
Black is a pawn down, but the d5-pawn is rather vulnerable, facing the
prospect of a combined attack with, say, ...Rfd8, ...Qb7 and ...Bd4.} 18. Bh6
$5 $146 {It is quite strange that this natural move has not been tried before.
White develops with gain of time, creating a mating net around the black king
at the same time. It seems that until now players have considered that White
should not invite the enemy rook to go to d8, from where it would endanger the
d5-pawn. Here are two games of Gashimov:} (18. Re1 Rfe8 19. Bg5 Bd4 20. Rc1 Qd6
21. Qa4 Re5 22. Rxe5 Qxe5 {Black's pieces are better regrouped, but the
d5-pawn still exists and, after a few moves, the back rank will be weak.} 23.
Qd7 Rb8 24. Bh6 Qf6 25. Rc2 Rd8 26. Qc7 {Keeping the queen tied down to the
defence of the rook.} (26. Qxa7 {would leave Black a free hand on the kingside.
} g5 27. Qa5 Rxd5 28. h4 Bxf2+ 29. Rxf2 Rd1+ 30. Kh2 Qxh6 31. Qa8+ Kg7 32.
Rxf7+ Kxf7 33. Qf3+ Ke7 34. Qxd1 Qxh4+ 35. Kg1 h5) 26... Rxd5 27. Re2 Rd8 28.
Qxa7 (28. Qd7 $2 {does not work out well because of} Qxf2+ $1) (28. Kh1 $5 {
prepares Qd7 and may be slightly more unpleasant.} Qb6 29. Qe7 Bg7 30. Rd2 (30.
Qe8+ {is not dangerous:} Bf8 31. Bxf8 Rxe8 32. Rxe8 Qc6 33. Rd8 h5 34. Bxc5+
Kh7 35. Be3 $11 {with a probable draw.}) 30... Rf8 31. Bxg7 Kxg7 32. b3 a5 {
White's position remains more pleasant, because his king is safer, his pieces
more active and the black queenside pawns are isolated. Black probably is in
no real danger, but his task may be slightly unpleasant over the board.}) 28...
g5 29. Qc7 Kh8 30. h4 gxh4 31. Bf4 Kg7 32. b3 Rd5 $132 {Meier,G (2664)
-Gashimov,V (2740)/Novi Sad 2009/CBM 133 (0-1, 42). Black suddenly started
very powerful kingside counterplay.}) (18. Qf3 Rfe8 19. Rd1 c4 {The d5-pawn
has been well defended, but the backward b2-pawn causes White some problems.}
20. a4 Qb7 21. Ra3 Bxb2 22. d6 Qxf3 23. Rxf3 Bxc1 24. Rxc1 ({After} 24. d7 Bb2
$44 {followed by ...c3, White may well have to look for a way of returning the
exchange for the c3-pawn.}) 24... Red8 25. Rf4 c3 26. Rd4 Rc6 27. a5 a6 28. Rd3
Rcxd6 29. Rxd6 Rxd6 30. Rxc3 Rd5 31. Ra3 $15 {Shengelia,D (2560)-Gashimov,V 
(2740)/Novi Sad 2009/CBM 133 (1/2, 47). With reversed colours, this would be a
familiar situation in the old tradition of this line, but here it is White who
is struggling, because of his passive rook. How does Vugar achieve these
positions? I have not quite understood it yet, looks like some sort of magic...
}) 18... Rfe8 {After this move, White will maintain a very slight initiative
until the endgame.} ({The critical line looks to be} 18... Rfd8 {, attacking
the pawn, but I assume Leko had prepared some surprise.}) 19. Qd2 Qb7 20. Rfe1
(20. Rab1 {is too slow:} Rcd8 21. Rfd1 Bd4 22. b4 Qxd5 {Black's excellent
centralisation is not easy to challenge.}) 20... Qxb2 21. Qxb2 Bxb2 22. Rxe8+
Rxe8 23. Rb1 Be5 24. Kf1 (24. Rb7 $5 f5 ({The endgame arising after} 24... Rb8
$6 25. Rxb8+ Bxb8 26. Kf1 {[%cal Gf1c4] may well be dangerous for Black, whose
king is too far from the centre. He would have to play ...c4 followed by ...
Be5 soon, but the pawn would remain vulnerable anyway.}) 25. Kf1 Rd8 26. Rxa7
Rxd5 {would transpose to the line mentioned below.}) 24... Rd8 25. Rb7 Rxd5 26.
Rxa7 Rd8 $6 {It seems that by this moment both players were left with
relatively little time. The last move looks like wasting a tempo for nothing.}
(26... f5 $132 {would have solved the back rank problems, maintaining the
freedom of the rook.}) 27. a4 c4 28. Re7 $6 (28. a5 $1 {would have been more
dangerous.} c3 29. a6 c2 30. Ke2 f6 {[%cal Gg6g5]} 31. Bd2 (31. Bc1 Rd1) (31.
Be3 Bd4 32. Rc7 Bxe3 33. Kxe3 Ra8 $11) 31... Bc3 32. Bc1 $16 Rd1 33. Bh6 $1 g5
34. Rg7+ Kh8 35. Rc7 Kg8 36. a7 $18) 28... Bg7 29. Bf4 (29. Bxg7 Kxg7 30. Rc7
Rd4 31. a5 Rd5 32. a6 Ra5 33. a7 Ra2 34. Ke1 c3 35. Kd1 c2+ 36. Kd2 h5 $11)
29... h5 30. Rc7 c3 {Black has solved his back rank problems and pushed his
passed pawn rather far. According to Alekseev, a curious thing happened to him:
he was convinced that they were playing with the usual increment of 30 seconds.
When he realized they did not, he was only 8 seconds left, with several moves
until reaching the control. he managed to play all of them but one...} 31. Be3
Rb8 32. Ke2 Rb4 33. a5 Ra4 34. Rc5 Bf8 35. Rc8 Kg7 36. Bb6 Bb4 37. Kd3 Ra2 38.
Bd4+ f6 39. Rc7+ Kf8 40. a6 {(!?!?) When the opponent's time is about to
expire it can help to make a completely pointless, but unexpected move. It did
a good job on this occasion.} (40. Bxf6 Bxa5 41. Rc8+ Kf7 42. Bd4 $11) {
And, while playing} 40... Rxa6 $11 {, Black lost on time...} 1-0

[Event "Bucharest Super"]
[Site "Bucharest"]
[Date "1996.??.??"]
[Round "?"]
[White "Savchenko, Stanislav"]
[Black "Marin, Mihail"]
[Result "1/2-1/2"]
[WhiteElo "2585"]
[BlackElo "2545"]
[Annotator "Marin,M"]
[PlyCount "52"]
[EventDate "1996.??.??"]
[EventType "tourn"]
[EventRounds "9"]
[EventCountry "ROU"]
[EventCategory "12"]
[SourceTitle "EXT 1999"]
[Source "ChessBase"]
[SourceDate "1998.11.16"]
[SourceVersion "1"]
[SourceVersionDate "1998.11.16"]
[SourceQuality "1"]

1. d4 Nf6 2. c4 e6 3. Nf3 c5 4. d5 d6 5. Nc3 exd5 6. cxd5 g6 7. e4 a6 8. h3 b5
9. Bd3 Bg7 10. O-O O-O 11. Bf4 Re8 12. Re1 Nh5 $44 (12... b4) 13. Bg5 Qa5 14.
a3 Bb7 $6 (14... Nd7 $5 15. Bd2 (15. b4 cxb4 16. axb4 Qxb4 17. Nxb5 Bxa1) 15...
Qc7 16. Rc1 Ne5 $132) 15. Bd2 Qb6 (15... c4 16. b4 cxb3 17. Nxb5) 16. b4 Nd7
17. Rc1 (17. bxc5 Nxc5 $13) 17... Ne5 18. Nxe5 (18. Be3 $1 Nxf3+ 19. Qxf3 Qc7
20. bxc5 dxc5 21. Nxb5 $5) 18... Bxe5 19. Be3 (19. bxc5 dxc5 $13) 19... Bf4 $1
20. Bxf4 (20. Qd2 cxb4 $1 21. axb4 Bxe3 22. Rxe3 Rac8 $132) 20... Nxf4 21. Bf1
cxb4 22. axb4 g5 $1 23. Qd2 h6 $6 (23... Re5 24. Ne2 (24. Re3 Rae8 25. g3 (25.
Rce1 Bc8 26. Kh2 Bd7 27. g3 Ng6 28. Be2 a5 $1) 25... Ng6 26. Be2 Bc8 27. Kh2 f5
$132) 24... Rxe4 25. Nxf4 Rxf4 26. Re7 Rf8 (26... h6 27. Qe3 Qxe3 28. fxe3
Rxf1+ 29. Rxf1 Bxd5 30. Rd1 $16) 27. g3 (27. Rcc7 Bxd5 $1) 27... Rf5 28. Bg2
$44 h6 29. Rcc7 Ba8) 24. Re3 Re5 25. Rce1 Rae8 26. g3 Ng6 (26... Ng6 27. Be2
Bc8 28. Kh2 Bd7 (28... f5 29. Bh5 $1) 29. Rf1 (29. Bg4 Bxg4 30. hxg4 a5 $132)
29... a5 30. f4 R5e7 $13 31. f5 Nf8 $15) 1/2-1/2